| 000 | 00771nam a2200217Ia 4500 | ||
|---|---|---|---|
| 003 | GCL | ||
| 008 | 140319s9999 xx 000 0 ara d | ||
| 040 |
_aGCL / _cGCL |
||
| 082 | 0 | 4 |
_aد _b050 _bم ح |
| 245 | 1 | 0 | _aحصاد الفكر العدد 171 يوليو 2006 |
| 260 |
_aالقاهرة : _bمركز الاعلام العربى ، _c2006 |
||
| 650 | 0 | 4 | _aالتغير الاجتماعى |
| 650 | 0 | 4 | _aالصراع الاجتماعى |
| 650 | 0 | 4 | _aالحرب الاهلية |
| 650 | 0 | 4 | _aالمواطنة |
| 650 | 0 | 4 | _aاللغة العربية - الاشتقاق |
| 650 | 0 | 4 | _aمصر - الاحوال الاقتصادية |
| 650 | 0 | 4 | _aالاصلاح الاقتصادى |
| 650 | 0 | 4 | _aالوطن العربى - الاحوال الثقافية |
| 942 |
_2ddc _cCR |
||
| 999 |
_c8777 _d8777 |
||